Central Library OPAC University of Rajshahi

The last galley; (Record no. 82671)

MARC details
000 -LEADER
fixed length control field 00955nam a22002051 4500
003 - CONTROL NUMBER IDENTIFIER
rucl marc code BD-RjUL
005 - DATE AND TIME OF LATEST TRANSACTION
control field 20240118105759.0
008 - FIXED-LENGTH DATA ELEMENTS--GENERAL INFORMATION
fixed length control field 780509s1911 nyuf 001 1 engs
035 ## - SYSTEM CONTROL NUMBER
System control number (BD-RjUL)
040 ## - CATALOGING SOURCE
Transcribing agency BD-RjUL
Modifying agency BD-RjUL
041 ## - LANGUAGE CODE
Language code of text/sound track or separate title eng
082 ## - DEWEY DECIMAL CLASSIFICATION NUMBER
Classification number 823
Author mark and year DOL 1911
100 1# - MAIN ENTRY--PERSONAL NAME
Personal name Doyle, Arthur Conan,
Dates associated with a name 1859-1930.
9 (RLIN) 10926
245 14 - TITLE STATEMENT
Title The last galley;
Remainder of title impressions and tales,
Statement of responsibility, etc. by Arthur Conan Doyle.
260 ## - PUBLICATION, DISTRIBUTION, ETC. (IMPRINT)
Place of publication, distribution, etc. London:
Name of publisher, distributor, etc. G. Bell & Sons Ltd,
Date of publication, distribution, etc. 1911.
300 ## - PHYSICAL DESCRIPTION
Pagination 298 p.
Illustrations col. front., pl.
Size 20 cm.
505 0# - FORMATTED CONTENTS NOTE
Formatted contents note The last galley.--The contest.--Through the veil.--An iconoclast.--Giant Maximin.--The coming of the Huns.--The last of the legions.--The first cargo--The home-coming.--The red star.--The silver mirror.--The blighting of Sharkey.--The marriage of the brigadier.--The lord of Falconbridge.--Out of the running.--"De profundis".--The great Brown-Pericord motor.--The terror of Blue John Gap.
942 ## - ADDED ENTRY ELEMENTS (KOHA)
Source of classification or shelving scheme Dewey Decimal Classification
Koha item type Books
Holdings
Lost status Source of classification or shelving scheme Damaged status Not for loan Collection code Permanent Location Current Location Shelving location Date acquired Total Checkouts Full call number Date last seen Copy number Koha item type
  Dewey Decimal Classification   Not For Loan Fiction Central Library, University of Rajshahi Central Library, University of Rajshahi Reading Room 18/01/2024   823 DOL 1911 18/01/2024 C-1 Books